A carregar...

Down and out in Paris and London

Detalhes bibliográficos
Autor principal: Orwell,George
Formato: Printed Book
Idioma:Undetermined
Publicado em: New Delhi Heritage publishers 2006
Colecção:Heritage classics
LEADER 00521nam a2200157Ia 4500
008 111207s9999 xx 000 0 und d
020 |a 8170262097 
082 |a 823 ORW/D 
100 |a Orwell,George 
245 |a Down and out in Paris and London 
260 |a New Delhi  |b Heritage publishers  |c 2006 
300 |a 248p. 
440 |a Heritage classics 
942 |c BK 
999 |c 257331  |d 257331 
952 |0 0  |1 0  |4 0  |5 1  |6 823_000000000000000_ORW_D  |7 0  |9 286506  |a RUS  |b RUS  |c ST1  |d 2012-01-20  |i 6684  |l 0  |o 823 ORW/D  |p RUS6684  |r 2014-02-14  |w 2014-02-14  |y BK